000 00387nam a22001697a 4500
003 SGT
020 _a9788193381977
082 _a612
_bR22S
100 _aSORTE, SMITA R.
245 _aRENAL PHYSIOLOGY FOR MBBS STUDENTS
250 _a1ST
260 _aINDIA
_bINNOVATIVE PUB
_c2022
300 _a93
650 _aHUMAN PHYSIOLOGY
653 _aRENAL PHYSIOLOGY
942 _2ddc
_cBK
999 _c33458
_d33458